000
00343 a2200157 4500
001
192512
020
_a
85-98708-02-X
040
_c
Magnum
100
_a
Martins, Tadeu
240
1
0
_a
Jogando conversa fora
_l
por
245
1
0
_a
Jogando conversa fora
300
_a
56
362
0
_a
2004
697
_a
LITERATURA INFANTO-JUVENIL
942
_c
BK
999
_c
192512
_d
192512